Statistics for Football Players to Countries Easy #1

Click here to take the quiz!

General Stats

  • This quiz has been taken 40 times
  • The average score is 17 of 20

Answer Stats

PlayerCountry% Correct
NeymarBrazil
95%
Mohamed SalahEgypt
95%
Kylian MbappeFrance
95%
Lionel MessiArgentina
92%
Jude BellinghamEngland
90%
Gianluigi DonnarummaItaly
90%
Son Heung-minSouth Korea
90%
Virgil van DijkNetherlands
87%
Oleksandr ZinchenkoUkraine
87%
Erling HaalandNorway
85%
Cristiano RonaldoPortugal
85%
Kevin De BruyneBelgium
82%
Luka ModrićCroatia
82%
Kaoru MitomaJapan
82%
Sadio ManéSenegal
82%
Sergio RamosSpain
82%
Robert LewandowskiPoland
79%
Federico ValverdeUruguay
72%
Jamal MusialaGermany
67%
Victor OsimhenNigeria
64%

Score Distribution

Percentile by Number Answered

Percent of People with Each Score

Your Score History

You have not taken this quiz